000
00371nam a2200181Ia 4500
100
_a
Crouse/William H
650
_a
Mechanics
250
_a
10
942
_c
BK
366
_f
20
654
_a
automotive
245
_a
Automotive Mechanics
260
_b
MC Graw-Hill
_c
1993
082
_a
620.1
_b
CRO
300
_a
820
546
_a
ENGLISH
_c
Info.Tech
999
_c
20698
_d
20698